Z diskusie na zasadnutí Ústredného výboru SSO ; Jaroslav Mjartan, Viktor Antal, Libor Lednár, Cyril Hagara, Ján Palkovič, Ladislav Antalík, Bernard Oláš, Ján Kobulár, Cyril Hrmo, Július Sepeši

Bibliographic Details
Main Authors: Mjartan, Jaroslav (Author), Antal, Viktor (Author), Lednár, Libor (Author), Hagara, Cyril (Author), Palkovič, Ján (Author), Antalík, Ladislav (Author), Oláš, Bernard (Author), Kobulár, Ján (Author), Hrmo, Cyril (Author), Sepeši, Július (Author)
Format: Article
Language:Slovak
PhysicalDescription:Obr. 10.
Subjects:

MARC

LEADER 00000nab a2200000 a 4500
001 vtls000240847
003 SK-MaSNL
005 20260302212056.0
008 111130c1986 xo 0 slo
015 |a SNBRB19rr/mm-uuuuu 
035 |a CL0250961 
040 |a SNKBUCL  |b slo  |c SNKBUCL  |e AACR2 
041 0 |a slo 
044 |a xo  |c SK 
080 |a 329.71(437.6)  |2 1981 
245 0 0 |a Z diskusie na zasadnutí Ústredného výboru SSO ; Jaroslav Mjartan, Viktor Antal, Libor Lednár, Cyril Hagara, Ján Palkovič, Ladislav Antalík, Bernard Oláš, Ján Kobulár, Cyril Hrmo, Július Sepeši 
300 |b Obr. 10. 
610 2 7 |a Strana slovenskej obrody  |2 snkbucl  |9 172704 
651 7 |a 5100  |2 snkbucl  |9 166206 
655 7 |a články z novín a časopisov  |2 snkbucl  |9 267496 
700 1 |a Mjartan, Jaroslav  |4 aut  |9 936287 
700 1 |a Antal, Viktor  |4 aut  |9 921694 
700 1 |a Lednár, Libor  |4 aut  |9 936288 
700 1 |a Hagara, Cyril  |4 aut  |9 936289 
700 1 |a Palkovič, Ján  |4 aut  |9 6606 
700 1 |a Antalík, Ladislav  |4 aut  |9 921696 
700 1 |a Oláš, Bernard  |4 aut  |9 922335 
700 1 |a Kobulár, Ján  |4 aut  |9 936290 
700 1 |a Hrmo, Cyril  |4 aut  |9 936291 
700 1 |a Sepeši, Július  |4 aut  |9 936292 
773 0 |t Ľud  |g Roč. 39, č. 44 (21. 2. 1986), s. 4 
850 |a Slovenská národná knižnica v Martine  |a MTA001 
852 |a SNK  |b KIS3GCP 
958 |a RK 
992 |a RBX 
999 |c 1487613  |d 1489543